000 00178 a2200085 4500
041 _aspa
100 _aS.D. Holdsworth
245 _aConversacion de frutas y hortalizas
942 _cBK
999 _c11458
_d11458